Pollution Japan : Historical chronology
Sparad:
| Materialtyp: | Bok |
|---|---|
| Språk: | Undetermined |
| Publicerad: |
Oxford, N.Y.
Pergamon
1979
|
| Ämnen: | |
| Taggar: |
Lägg till en tagg
Inga taggar, Lägg till första taggen!
|
| Thư viện lưu trữ: | Trung tâm Học liệu Trường Đại học Cần Thơ |
|---|
| LEADER | 00489nam a2200193Ia 4500 | ||
|---|---|---|---|
| 001 | CTU_95483 | ||
| 008 | 210402s9999 xx 000 0 und d | ||
| 082 | |a 363.730952 | ||
| 082 | |b P771 | ||
| 245 | 0 | |a Pollution Japan : | |
| 245 | 0 | |b Historical chronology | |
| 245 | 0 | |c Edited by Nobuko Lijima | |
| 260 | |a Oxford, N.Y. | ||
| 260 | |b Pergamon | ||
| 260 | |c 1979 | ||
| 650 | |a Pollution | ||
| 650 | |z Japan | ||
| 904 | |i Năm | ||
| 980 | |a Trung tâm Học liệu Trường Đại học Cần Thơ | ||